Optimalizácia v oblasti energetiky

Gespeichert in:
Bibliographische Detailangaben
1. Verfasser: Manina, Jakub (Verfasst von)
Weitere Verfasser: Pomffyová, Miriama (Betreuung Doktorarbeit)
Format: Manuskript Buch
Sprache:Slowakisch
Veröffentlicht: 2020
Schlagworte:
Online-Zugang:http://is.stuba.sk/zp/portal_zp.pl?podrobnosti=142077
Tags: Tag hinzufügen
Keine Tags, Fügen Sie das erste Tag hinzu!

MARC

LEADER 00000ntm a22000003a 4500
001 stuzp80588
003 SK-STU
005 20200620211908.5
007 ta
008 150427s2015----xo-----f-mn---000-0-slo-d
040 |a STU  |b slo 
041 0 |a slo 
100 1 |a Manina, Jakub  |u 070200  |4 aut  |U FIIT Fakulta informatiky a informačných technológií  |T FIIT Ústav informatiky, informačných systémov a softvérového inžinierstva  |X 85943  |U I200  |Y 179  |7 85943 
242 0 1 |a Optimization in power engineering domain  |y eng 
245 1 0 |a Optimalizácia v oblasti energetiky 
260 |c 2020 
650 4 |a algorytmus  |2 slo 
650 4 |a metaheuristika  |2 slo 
650 4 |a optimalizácia  |2 slo 
650 4 |a customer  |2 eng 
650 4 |a optimization  |2 eng 
650 4 |a algorytmus  |2 eng 
700 1 |a Pomffyová, Miriama  |u 070200  |k Z3  |4 ths  |U FIIT Fakulta informatiky a informačných technológií  |T FIIT Ústav informatiky, informačných systémov a softvérového inžinierstva  |X 72322  |U I200  |Y 179  |7 72322 
856 4 |u http://is.stuba.sk/zp/portal_zp.pl?podrobnosti=142077